| 000 | 00950cam a22002771 4500 | ||
|---|---|---|---|
| 001 | 8011 | ||
| 003 | BD-RjUL | ||
| 005 | 20211208234517.0 | ||
| 008 | 140116s1962 sa a b 000 0 eng | ||
| 035 | _a(BD-RjUL) 8056 | ||
| 035 | _a(OCoLC)351501 | ||
| 040 |
_aDLC _cOClU _dNcRS _dDLC _dBD-RjUL _beng |
||
| 041 | _aeng | ||
| 082 |
_a330.967 _bGRD 1962 |
||
| 100 | 1 |
_aGreen, L. P. _924994 |
|
| 245 | 1 | 0 |
_aDevelopment in Africa; _ba study in regional analysis with special reference to southern Africa, _cby L.P. Green and T.J.D. Fair. |
| 260 |
_aJohannesburg : _bWitwatersrand University Press, _c1962. |
||
| 300 |
_a203 p. : _billus. ; _c25 cm. |
||
| 504 | _aIncludes bibliography and index. | ||
| 651 | 0 |
_aSouth Africa _xEconomic conditions. _98461 |
|
| 651 | 0 |
_aAfrica, Sub-Saharan _xEconomic conditions. _924995 |
|
| 700 | 1 |
_aFair, T. J. D. _q(Thomas J. D.) _ejt. auth. _924996 |
|
| 942 |
_2ddc _cBK |
||
| 999 |
_c8011 _d8011 |
||